000 01051nam a2200313Ia 4500
001 Z_2101
003 CHAP
008 220113s1996 xx 000 0 und d
010 _a165174
040 _cCHAP
090 _aTesis A 1064
100 _aAgustín Ramírez, Ma. Guadalupe
_9139194
245 _aContenido mineral en suelo, forraje y suero sanguíneo de bovinos productores de leche en pastoreo en Acatlán, Hidalgo /
_cpor Ma. Guadalupe Agustín Ramírez y Mario Alberto Raya Cervantes
260 _aChapingo, Méx. :
_bEl autor,
_c1996
300 _a113 h.
502 _aTesis (Ing. Agr. Esp. en Zootecnia) -- UACH. Departamento de Zootecnia
650 _aForrajes
_xValor nutritivo
_942601
650 _aGanado lechero
_xHidalgo
_945270
650 _aGanado lechero
_xPastoreo
_945284
650 _aSuelos
_xElementos minerales
_9110356
650 _aSuero
_9110585
700 _aRaya Cervantes, Mario Alberto
_994807
901 _aTESIS A 1064
902 _aM
910 _a1996
942 _c2
942 _c2
999 _c165174
_d165174